Armstrong's handbook of performance management : (Record no. 9859)

MARC details
000 -LEADER
fixed length control field 02756cam a22004578i 4500
001 - CONTROL NUMBER
control field 22302709
003 - CONTROL NUMBER IDENTIFIER
control field OSt
005 - DATE AND TIME OF LATEST TRANSACTION
control field 20260609162816.0
006 - FIXED-LENGTH DATA ELEMENTS--ADDITIONAL MATERIAL CHARACTERISTICS
fixed length control field m |o d |
007 - PHYSICAL DESCRIPTION FIXED FIELD--GENERAL INFORMATION
fixed length control field cr_|||||||||||
008 - FIXED-LENGTH DATA ELEMENTS--GENERAL INFORMATION
fixed length control field 211105s2022 nyu ob 001 0 eng
010 ## - LIBRARY OF CONGRESS CONTROL NUMBER
LC control number 2021047189
020 ## - INTERNATIONAL STANDARD BOOK NUMBER
International Standard Book Number 9781398603035
Qualifying information (ebook)
020 ## - INTERNATIONAL STANDARD BOOK NUMBER
Canceled/invalid ISBN 9781398603028
Qualifying information (paperback)
020 ## - INTERNATIONAL STANDARD BOOK NUMBER
Canceled/invalid ISBN 9781398603042
Qualifying information (hardback)
035 ## - SYSTEM CONTROL NUMBER
System control number 22302709
040 ## - CATALOGING SOURCE
Original cataloging agency DLC
Language of cataloging eng
Transcribing agency DLC
Description conventions rda
042 ## - AUTHENTICATION CODE
Authentication code pcc
050 00 - LIBRARY OF CONGRESS CALL NUMBER
Classification number HF5549.5.R3
082 00 - DEWEY DECIMAL CLASSIFICATION NUMBER
Classification number 658.312 5 ARM
Edition number 23/eng/20211105
100 1# - MAIN ENTRY--PERSONAL NAME
Personal name Armstrong, Michael,
Dates associated with a name 1928-
Relator term author.
245 10 - TITLE STATEMENT
Title Armstrong's handbook of performance management :
Remainder of title an evidence-based guide to performance leadership /
Statement of responsibility, etc. Michael Armstrong.
250 ## - EDITION STATEMENT
Edition statement Seventh edition.
263 ## - PROJECTED PUBLICATION DATE
Projected publication date 2201
264 #1 - PRODUCTION, PUBLICATION, DISTRIBUTION, MANUFACTURE, AND COPYRIGHT NOTICE
Place of production, publication, distribution, manufacture New York, NY :
Name of producer, publisher, distributor, manufacturer Kogan Page Inc,
Date of production, publication, distribution, manufacture, or copyright notice 2022.
300 ## - PHYSICAL DESCRIPTION
Extent 1 online resource
336 ## - CONTENT TYPE
Content type term text
Content type code txt
Source rdacontent
337 ## - MEDIA TYPE
Media type term computer
Media type code c
Source rdamedia
338 ## - CARRIER TYPE
Carrier type term online resource
Carrier type code cr
Source rdacarrier
500 ## - GENERAL NOTE
General note Revised edition of Armstrong's handbook of performance management, 2018.
504 ## - BIBLIOGRAPHY, ETC. NOTE
Bibliography, etc Includes bibliographical references and index.
520 ## - SUMMARY, ETC.
Summary, etc. "Optimizing staff performance is a key component of achieving outstanding business results. The 7th edition of Armstrong's Handbook of Performance Management is an essential companion for improving employee and organizational performance. From performance pay and giving feedback to managing underperformers, this handbook addresses all areas of performance management to enable students and practitioners to understand how to assess, measure and improve performance. This updated 7th edition contains new chapters on the meaning and development of performance management, and covers managing and measuring performance with a remote workforce, performance leadership and multi-source feedback. Packed with examples and exercises, Armstrong's Handbook of Performance Management remains an indispensable and engaging resource for securing effective performance across all aspects of the organization. Supporting online resources include an instructor's manual, a student's manual, lecture slides, a glossary and a literature review"--
Assigning source Provided by publisher.
588 ## - SOURCE OF DESCRIPTION NOTE
Source of description note Description based on print version record and CIP data provided by publisher; resource not viewed.
650 #0 - SUBJECT ADDED ENTRY--TOPICAL TERM
Topical term or geographic name as entry element Employees
General subdivision Rating of.
650 #0 - SUBJECT ADDED ENTRY--TOPICAL TERM
Topical term or geographic name as entry element Performance standards.
650 #0 - SUBJECT ADDED ENTRY--TOPICAL TERM
Topical term or geographic name as entry element Performance.
776 08 - ADDITIONAL PHYSICAL FORM ENTRY
Relationship information Print version:
Main entry heading Armstrong, Michael, 1928-
Title Armstrong's handbook of performance management
Edition Seventh edition.
Place, publisher, and date of publication New York, NY : Kogan Page Inc, 2022
International Standard Book Number 9781398603028
Record control number (DLC) 2021047188
906 ## - LOCAL DATA ELEMENT F, LDF (RLIN)
a 7
b cbc
c orignew
d 1
e ecip
f 20
g y-gencatlg
942 ## - ADDED ENTRY ELEMENTS (KOHA)
Source of classification or shelving scheme Dewey Decimal Classification
Koha item type BOOKS
Holdings
Withdrawn status Lost status Source of classification or shelving scheme Damaged status Not for loan Home library Current library Shelving location Date acquired Total Checkouts Full call number Barcode Date last seen Copy number Price effective from Koha item type
    Dewey Decimal Classification     Dodoma Dodoma Ground Floor 09/06/2026   658.312 5 ARM LIB*15140 09/06/2026 1 09/06/2026 BOOKS
    Dewey Decimal Classification     Dodoma Dodoma Ground Floor 09/06/2026   658.312 5 ARM LIB*15141 09/06/2026 2 09/06/2026 BOOKS
    Dewey Decimal Classification     Dodoma Dodoma Ground Floor 09/06/2026   658.312 5 ARM LIB*15158 09/06/2026 3 09/06/2026 BOOKS
    Dewey Decimal Classification     Dodoma Dodoma Ground Floor 09/06/2026   658.312 5 ARM LIB*15142 09/06/2026 4 09/06/2026 BOOKS

IRDP © 2021 :: Managed by ICT Team